000 00315nam a22001457a 4500
008 210609b ||||| |||| 00| 0 eng d
020 _a9781260028607
041 _aeng
080 _a510
082 _a510
100 _a38
101 _aMAT
245 _aTopics in Algebra Math 1100
_cAlpha Ba
942 _2udc
_cBK
999 _c58103
_d58103